书目信息 |
| 题名: |
择业与就业
|
|
| 作者: | 田新民 , 汪歙萍 主编 ;上海市高校毕业生就业指导中心组 编 | |
| 分册: | ||
| 出版信息: | 上海 上海交通大学出版社 2001.07 |
|
| 页数: | 324页 | |
| 开本: | 21cm | |
| 丛书名: | 职业发展与设计丛书 | |
| 单 册: | ||
| 中图分类: | G647.38 | |
| 科图分类: | ||
| 主题词: | 大学生--职业选择--基本知识--中国 , 研究生--职业选择--基本知识--中国 | |
| 电子资源: | ||
| ISBN: | 7-313-02700-1 | |
| 000 | 01180nam 2200277 450 | |
| 001 | 0158668672 | |
| 005 | 20051018085519.05 | |
| 010 | @a7-313-02700-1@dCNY18.00 | |
| 100 | @a20050415d2001 km y0chiy0120 ea | |
| 101 | 0 | @achi |
| 102 | @aCN@b310000 | |
| 105 | @ay z 000yy | |
| 200 | 1 | @a择业与就业@Aze ye yu jiu ye@f田新民, 汪歙萍主编@Ftian xin min,wang xi ping zhu bian@g上海市高校毕业生就业指导中心组编@Gshang hai shi gao xiao bi ye sheng jiu ye zhi dao zhong xin zu bian |
| 210 | @a上海@c上海交通大学出版社@d2001.07 | |
| 215 | @a324页@d21cm | |
| 225 | 2 | @a职业发展与设计丛书 |
| 330 | @a本书以心理学、经济学、人力资源管理、法律为理论基石,探讨了就业领域的科学性和实践性,阐述了21世纪的就业背景、知识经济对就业形势的冲击以及热门行业的分析等内容。 | |
| 410 | 0 | @12001 @a职业发展与设计丛书 |
| 606 | 0 | @a大学生@x职业选择@x基本知识@y中国 |
| 606 | 0 | @a研究生@x职业选择@x基本知识@y中国 |
| 690 | @aG647.38@v4 | |
| 701 | 0 | @a田新民@Atian xin min@4主编 |
| 701 | 0 | @a汪歙萍@Awang xi ping@4主编 |
| 712 | 02 | @a上海市高校毕业生就业指导中心组@Ashang hai shi gao xiao bi ye sheng jiu ye zhi dao zhong xin zu@4编 |
| 801 | 0 | @aCN@bQSSK@c20051018 |
| 905 | @a10447@dG647.38@eT674 | |
| 择业与就业/田新民, 汪歙萍主编/上海市高校毕业生就业指导中心组编.-上海:上海交通大学出版社,2001.07 |
| 324页;21cm.-(职业发展与设计丛书) |
| ISBN 7-313-02700-1:CNY18.00 |
| 本书以心理学、经济学、人力资源管理、法律为理论基石,探讨了就业领域的科学性和实践性,阐述了21世纪的就业背景、知识经济对就业形势的冲击以及热门行业的分析等内容。 |
| ● |
| 相关链接 |
|
|
|
正题名:择业与就业
索取号:G647.38/T674
 
预约/预借
| 序号 | 登录号 | 条形码 | 馆藏地/架位号 | 状态 | 备注 |
| 1 | 570269 | 205702694 | 社科库409/409社科库 14排1列1层/ [索取号:G647.38/T674] | 在馆 | |
| 2 | 570270 | 205702701 | 社科库409/409社科库 14排1列1层/ [索取号:G647.38/T674] | 在馆 | |
| 3 | 570271 | 205702710 | 社科库409/409社科库 14排1列1层/ [索取号:G647.38/T674] | 在馆 |